[Event "Nuremberg op"]
[Site "Nuremberg"]
[Date "2019.11.17"]
[Round "4"]
[White "Breu, Alfons"]
[Black "Held, Werner"]
[Result "1-0"]
[WhiteElo "1597"]
[BlackElo "1065"]
[PlyCount "51"]
[EventDate "2019.11.15"]
[EventType "swiss"]
[EventRounds "5"]
[EventCountry "GER"]
[SourceTitle "CBM 193 Extra"]
[Source "ChessBase"]
[SourceDate "2020.01.31"]
[SourceVersion "1"]
[SourceVersionDate "2020.01.31"]
[SourceQuality "1"]

1. Nf3 d5 2. g3 e6 3. Bg2 c5 4. 0-0 Nc6 5. d3 Nf6 6. Nbd2 b5 7. c4 a6 8. b3 h6 9. Bb2 Bb7 10. cxd5 exd5 11. Re1 d4 12. e3 g5 13. exd4+ Be7 14. dxc5 Qxd3 15. Bxf6 Rg8 16. Bxe7 Nxe7 17. Ne5 Qd4 18. Bxb7 Rd8 19. Nef3 Qxc5 20. Rc1 Qb4 21. Qe2 Rd7 22. Bc6 Kd8 23. Bxd7 Kxd7 24. Ne5+ Ke8 25. Nc6 Qd6 26. Nxe7 1-0

[Event "Nuremberg op"]
[Site "Nuremberg"]
[Date "2019.11.15"]
[Round "1"]
[White "Bohme, Sebastian"]
[Black "Breu, Alfons"]
[Result "1-0"]
[WhiteElo "2096"]
[BlackElo "1597"]
[PlyCount "77"]
[EventDate "2019.11.15"]
[EventType "swiss"]
[EventRounds "5"]
[EventCountry "GER"]
[SourceTitle "CBM 193 Extra"]
[Source "ChessBase"]
[SourceDate "2020.01.31"]
[SourceVersion "1"]
[SourceVersionDate "2020.01.31"]
[SourceQuality "1"]

1. d4 Nf6 2. Bf4 b6 3. e3 e6 4. Nf3 Bb7 5. Nbd2 Be7 6. h3 0-0 7. Bd3 d5 8. 0-0 Nbd7 9. c3 h6 10. Ne5 Nxe5 11. dxe5 Nd7 12. Qg4 Bg5 13. Bh2 Nc5 14. Bc2 Ba6 15. f4 Be7 16. f5 exf5 17. Qxf5 g6 18. Qg4 h5 19. Qf3 Bxf1 20. Rxf1 Ne6 21. Bf4 Bg5 22. Qg3 c6 23. Nf3 Nxf4 24. exf4 Bh6 25. f5 Kh8 26. fxg6 Rg8 27. Nh4 Qg5 28. Qxg5 Bxg5 29. gxf7 Bxh4 30. fxg8Q+ Rxg8 31. Rf7 Rg7 32. Rf8+ Rg8 33. Rxg8+ Kxg8 34. Bg6 Bg3 35. e6 Kf8 36. Bxh5 Ke7 37. Bg4 a5 38. Kf1 c5 39. Ke2 1-0

[Event "Pfalz op-B 10th"]
[Site "Neustadt an der Weinstrasse"]
[Date "2019.03.01"]
[Round "1"]
[White "Breu, Alfons"]
[Black "Toenjes, Juergen"]
[Result "1/2-1/2"]
[WhiteElo "1636"]
[BlackElo "1837"]
[PlyCount "148"]
[EventDate "2019.03.01"]
[EventType "swiss"]
[EventRounds "7"]
[EventCountry "GER"]
[SourceTitle "CBM 189 Extra"]
[Source "ChessBase"]
[SourceDate "2019.06.03"]
[SourceVersion "1"]
[SourceVersionDate "2019.06.03"]
[SourceQuality "1"]

1. Nf3 d5 2. g3 c5 3. Bg2 Nc6 4. 0-0 Nf6 5. d3 e5 6. Nbd2 Bd6 7. c4 d4 8. Ng5 Qc7 9. Nge4 Nxe4 10. Nxe4 Be7 11. b3 0-0 12. f4 f5 13. Nf2 Bd6 14. Nh3 Bd7 15. Bd5+ Kh8 16. fxe5 Nxe5 17. Nf4 Rae8 18. Bd2 Ng4 19. Bf3 Nf6 20. Rb1 b6 21. a3 Bc6 22. b4 Bxf3 23. exf3 g5 24. Ng2 h6 25. bxc5 bxc5 26. Rb5 Rb8 27. a4 a6 28. Rxb8 Rxb8 29. Re1 Qd7 30. f4 g4 31. Nh4 Kh7 32. Qc2 Re8 33. Kf2 Rxe1 34. Kxe1 Ne8 35. Qb3 Be7 36. Ng2 Qc6 37. Kf2 Nd6 38. a5 Bd8 39. Qd1 Nb7 40. Qe2 Bf6 41. Kg1 Qd7 42. Qe1 Kg7 43. Nh4 Kf7 44. Qb1 Bxh4 45. gxh4 Qc6 46. Qd1 h5 47. Kf2 Qf6 48. Kg3 Qc6 49. Qe2 Nd8 50. Qg2 Ke7 51. Qxc6 Nxc6 52. Kf2 Kd6 53. Ke2 Ne7 54. Kf2 Kc7 55. Kg3 Kd6 56. Be1 Nc6 57. Kf2 Nb4 58. Ke2 Nc2 59. Bd2 Nb4 60. Be1 Nc6 61. Bd2 Nd8 62. Kf2 Ne6 63. Kg3 Nf8 64. Be1 Nh7 65. Bd2 Nf6 66. Kf2 Ke6 67. Bc1 Nd7 68. Bd2 Nb8 69. Ke2 Nc6 70. Kf2 Nb4 71. Ke2 Nc6 72. Be1 Ne7 73. Kf2 Kd6 74. Bd2 Ng6 1/2-1/2

[Event "Regensburg Donau Cup 2nd"]
[Site "Regensburg"]
[Date "2018.05.12"]
[Round "6"]
[White "Breu, Alfons"]
[Black "Kopischke, Maik"]
[Result "1/2-1/2"]
[WhiteElo "1542"]
[BlackElo "1730"]
[PlyCount "46"]
[EventDate "2018.05.09"]
[EventType "swiss"]
[EventRounds "7"]
[EventCountry "GER"]
[SourceTitle "CBM 184 Extra"]
[Source "ChessBase"]
[SourceDate "2018.06.28"]
[SourceVersion "1"]
[SourceVersionDate "2018.06.28"]
[SourceQuality "1"]

1. Nf3 Nf6 2. g3 d5 3. Bg2 c6 4. 0-0 Bg4 5. d3 Nbd7 6. Nbd2 e6 7. Qe1 Be7 8. e4 dxe4 9. dxe4 0-0 10. Nc4 Bxf3 11. Bxf3 Qc7 12. Bf4 e5 13. Bd2 Rad8 14. b4 Nb6 15. Ne3 g6 16. c4 Rd4 17. Bc3 Rd3 18. Be2 Rd7 19. f3 Rfd8 20. a4 Ne8 21. c5 Nc8 22. Ng4 Bf6 23. f4 Bg7 1/2-1/2

[Event "Regensburg Donau Cup 2nd"]
[Site "Regensburg"]
[Date "2018.05.10"]
[Round "2"]
[White "Breu, Alfons"]
[Black "Klausmann, Leonard"]
[Result "0-1"]
[WhiteElo "1542"]
[BlackElo "1776"]
[PlyCount "98"]
[EventDate "2018.05.09"]
[EventType "swiss"]
[EventRounds "7"]
[EventCountry "GER"]
[SourceTitle "CBM 184 Extra"]
[Source "ChessBase"]
[SourceDate "2018.06.28"]
[SourceVersion "1"]
[SourceVersionDate "2018.06.28"]
[SourceQuality "1"]

1. Nf3 d6 2. g3 Nf6 3. Bg2 e5 4. d3 g6 5. e4 Nbd7 6. 0-0 Bg7 7. Bg5 0-0 8. Qd2 c6 9. Nc3 Qa5 10. a3 Re8 11. b4 Qc7 12. Rac1 Nf8 13. h3 Ne6 14. Be3 Bd7 15. Ng5 h5 16. Nxe6 Bxe6 17. Ne2 Rad8 18. c4 Qd7 19. Kh2 d5 20. Qc2 Rc8 21. c5 Nh7 22. d4 f5 23. exd5 Bxd5 24. Bxd5+ Qxd5 25. Qc4 Nf6 26. dxe5 Rxe5 27. Nf4 Qxc4 28. Rxc4 Kf7 29. Rd1 Rce8 30. Rc2 Ne4 31. Bd4 R5e7 32. Bxg7 Kxg7 33. f3 Nf6 34. Rcd2 Re3 35. Rd3 g5 36. Ng2 Re2 37. R3d2 Nd5 38. Kg1 Kf6 39. Rxe2 Rxe2 40. Rd3 h4 41. Kf1 Ra2 42. g4 Rxg2 43. Rxd5 cxd5 44. Kxg2 f4 45. Kf2 Ke5 46. b5 d4 47. Ke2 Kd5 48. c6 bxc6 49. Kd3 cxb5 0-1

[Event "Regensburg Donau Cup 2nd"]
[Site "Regensburg"]
[Date "2018.05.10"]
[Round "3"]
[White "Hoeche, Friedrich"]
[Black "Breu, Alfons"]
[Result "0-1"]
[WhiteElo "1591"]
[BlackElo "1542"]
[PlyCount "146"]
[EventDate "2018.05.09"]
[EventType "swiss"]
[EventRounds "7"]
[EventCountry "GER"]
[SourceTitle "CBM 184 Extra"]
[Source "ChessBase"]
[SourceDate "2018.06.28"]
[SourceVersion "1"]
[SourceVersionDate "2018.06.28"]
[SourceQuality "1"]

1. d4 d6 2. c4 g6 3. Nc3 Bg7 4. e4 e5 5. d5 Bh6 6. Nf3 Bxc1 7. Qxc1 Nf6 8. h3 Na6 9. Bd3 Nc5 10. Bc2 a5 11. 0-0 h6 12. Qe3 b6 13. Nd2 g5 14. a3 a4 15. Qe1 Nh5 16. Ne2 Rg8 17. g4 Nf4 18. Nxf4 gxf4 19. f3 h5 20. Kf2 Qh4+ 21. Ke2 Qxh3 22. gxh5 Qxh5 23. Rh1 Rg2+ 24. Kd1 Qg5 25. Bb1 Ke7 26. Qh4 Rg1+ 27. Kc2 Qxh4 28. Rxh4 Rg2 29. Ba2 Bd7 30. Rah1 Rag8 31. Kc3 Rf2 32. R4h2 Rgg2 33. Rxg2 Rxg2 34. b4 axb3 35. Bxb3 Rxd2 36. Kxd2 Nxb3+ 37. Kc3 Nd4 38. Rf1 f5 39. Rf2 fxe4 40. fxe4 f3 41. Kd3 Be8 42. Rh2 b5 43. Rh7+ Kd8 44. cxb5 Bxb5+ 45. Ke3 Nc2+ 46. Kxf3 Nxa3 47. Rh8+ Be8 48. Kg4 Nb5 49. Kf3 Na7 50. Ke3 Nc8 51. Rh2 c5 52. Rh8 Ne7 53. Kd3 Kd7 54. Rh1 Bg6 55. Ke3 Kc7 56. Ra1 Nc8 57. Rg1 Ne7 58. Ra1 Nc8 59. Rg1 Be8 60. Rg7+ Kb6 61. Rg8 Bd7 62. Rg7 Bb5 63. Rg8 Ba6 64. Rg2 c4 65. Kd2 Kc5 66. Kc3 Nb6 67. Ra2 Bb5 68. Rd2 Na4+ 69. Kc2 c3 70. Rh2 Kd4 71. Kb3 Nc5+ 72. Kc2 Bd3+ 73. Kc1 Nb3+ 0-1

[Event "Pfarrkirchen Rottal op 2nd"]
[Site "Pfarrkirchen"]
[Date "2018.04.01"]
[Round "5"]
[White "Wahrlich, Andreas"]
[Black "Breu, Alfons"]
[Result "1-0"]
[WhiteElo "2165"]
[BlackElo "1549"]
[PlyCount "61"]
[EventDate "2018.03.30"]
[EventType "swiss"]
[EventRounds "7"]
[EventCountry "GER"]
[SourceTitle "CBM 183 Extra"]
[Source "ChessBase"]
[SourceDate "2018.04.19"]
[SourceVersion "1"]
[SourceVersionDate "2018.04.19"]
[SourceQuality "1"]

1. d4 d6 2. g3 Nf6 3. Bg2 c6 4. Nf3 Qc7 5. c4 e5 6. d5 cxd5 7. cxd5 Na6 8. Nc3 Be7 9. 0-0 0-0 10. h3 Bd7 11. Be3 Qc8 12. Kh2 Nc7 13. Rc1 b5 14. Nxe5 Qb7 15. Nc6 Bxc6 16. dxc6 Qb8 17. Qd3 a6 18. Ne4 Nfe8 19. Bg5 f6 20. Be3 b4 21. Nd2 a5 22. Be4 h6 23. Qc4+ Kh8 24. Bf5 d5 25. Qh4 Kg8 26. Qg4 g5 27. Qh5 Rf7 28. Bd4 Bf8 29. e4 dxe4 30. Nxe4 Qb5 31. Qg6+ 1-0